|
|
|
|
| LEADER |
00000cam a2200000 a 4500 |
| 001 |
vtls008321658 |
| 003 |
SK-MaSNL |
| 005 |
20260301145549.0 |
| 008 |
231120s1970 xo e p 000 0 slo |
| 015 |
|
|
|a SNBA1970
|
| 035 |
|
|
|a SK01SNK19700013875
|
| 035 |
|
|
|a urn:nbn:sk:snk-am3h9qm
|
| 035 |
|
|
|a 094D65A4-E911-4887-A834-E5923F91AF8F
|
| 035 |
|
|
|a urn:nbn:sk:snk-am008x4v
|
| 035 |
|
|
|a SKM000016338
|
| 040 |
|
|
|a SNK
|b slo
|c SNK
|e AACR2
|
| 041 |
0 |
|
|a slo
|
| 043 |
|
|
|a e-cs---
|
| 044 |
|
|
|a xo
|c SK
|
| 080 |
|
|
|a 342(437)(091)(075.8)
|2 1981
|
| 100 |
1 |
|
|a Fischer, Jozef,
|d 1927-
|4 aut
|9 38891
|
| 245 |
1 |
0 |
|a Učebná pomôcka z dejín štátu a práva socialistických krajín
|n 2. diel
|b ... učeb. text pre internú potrebu štud. Právnickej fakulty UK ...
|c Jozef Fischer
|
| 250 |
|
|
|a 1. vyd.
|
| 260 |
|
|
|a Bratislava
|b UK
|c 1970
|
| 300 |
|
|
|a 230 s.
|c 4°
|
| 366 |
|
|
|e 850 výt.
|
| 490 |
1 |
|
|a Vysokoškolské učebné texty
|
| 650 |
0 |
7 |
|a štát a právo
|2 SNKPH
|9 78088
|
| 651 |
|
7 |
|a Československo
|x dejiny
|2 SNKPH
|9 161432
|
| 655 |
|
7 |
|a učebnice vysokých škôl
|2 SNKPH
|9 70191
|
| 810 |
2 |
|
|a Univerzita Komenského v Bratislave
|t Vysokoškolské učebné texty
|9 289233
|
| 830 |
|
0 |
|a Vysokoškolské učebné texty
|9 276539
|
| 852 |
|
|
|a Slovenská národná knižnica
|
| 954 |
|
|
|a odborná, vedecká literatúra pôvodná (slovenská)
|2 lita
|
| 958 |
|
|
|a OND
|
| 958 |
|
|
|a RM
|
| 958 |
|
|
|a UV
|
| 958 |
|
|
|a EUIPO
|
| 999 |
|
|
|c 780613
|d 782543
|
| 952 |
|
|
|a SNK
|b SNK
|y PREZ
|7 0
|p 17A0840952
|o snkSB 15740/2
|i snkKSP 4129/70
|0 0
|1 0
|4 0
|d 2012-07-23
|f 1
|l 0
|r 2025-03-17 00:00:00
|w 2026-02-24
|
| 952 |
|
|
|t P60, <04>, [BOOK], {604}
|a SNK
|b SNK
|y VYP
|7 0
|p 17A0430289
|o snkSB 15740/2 D1
|i snkKSP 4130/70
|0 0
|1 0
|4 0
|d 2004-06-04
|l 0
|r 2005-01-02 00:00:00
|w 2026-02-24
|
| 952 |
|
|
|a SNK
|b SNK
|y VYP
|7 0
|o snkSB 15740/2 D2
|i snkD 1415/76
|0 0
|1 0
|4 0
|d 2015-01-14
|l 0
|r 2026-02-24 01:03:20
|w 2026-02-24
|